01998nam a2200301 a 4500001001000000003000900010005001700019007000300036008003600039040003600075082002800111110006400139245009700203264006800300300008700368306000600455336002700461337003300488338004000521500007500561500013700636500002400773505030800797520037201105650009401477651009001571700003501661000030264DO-SdBPM20250919092044.0ta110505s2010 dr ||r|||p| spa III||| aDO-SdBPMbspacBPMSU erdadrda 4a304.66bR426so 20102222 aRepública Dominicana. bOficina Nacional de Estadística10aPerfiles sociodemográficos provinciales :bRegión Norte /cPresentación, Pablo Tactuk. aSanto Domingo :bOficina Nacional de Estadística (ONE),c2010 a104 páginas :b ilustraciones, mapas, gráficos, tabla, (algunas col.).c28 cm. a  atextobtxt2rdacontent asin mediaciónbn2rdamedia avolumenbnc0rdacarrier2rdacarrier aIncluye referencias bibliográficas y notas al pie de las páginas. aInformación estadísticas e indicadores sobre la situación demográfica, social y económica desagregadas a nivel provincial  aDajabón en cifras0 aPresentación -- Dajabón 11 -- Duarte 25 -- Espaillat 41 -- Hermanas Mirabal 57 -- La Vega 73 -- María Trinidad. Sánchez 89 -- Monseñor Nouel 105 -- Monte Cristi 121 -- Puerto Plata 137 -- Samaná 153 -- Sánchez Ramírez 169 -- Santiago 185 -- Santiago Rodríguez 205 -- Valverde 221. aLa Oficina Nacional de Estadística (ONE) presenta una recopilación de las informaciones estadísticas de fuentes disponibles de cada una de las 32 provincias de la República Dominicana. Su aporte consiste en recoger, de manera atractiva y gráfica, una serie de informaciones relevantes presentadas tanto en valores absolutos como en porcentajes e indicadores 7aIndicadores socialeszRegión Norte (República Dominicana: provincia )vEstadística  7aRegión Norte (República Dominicana : provincias )xEstadísticas demográficas1 aTactuk, Pabloepresentación